| 000 -LEADER |
| fixed length control field |
01731 a2200277 4500 |
| 003 - CONTROL NUMBER IDENTIFIER |
| control field |
OSt |
| 005 - DATE AND TIME OF LATEST TRANSACTION |
| control field |
20180116182741.0 |
| 008 - FIXED-LENGTH DATA ELEMENTS--GENERAL INFORMATION |
| fixed length control field |
170721b xxu||||| |||| 00| 0 eng d |
| 020 ## - INTERNATIONAL STANDARD BOOK NUMBER |
| International Standard Book Number |
9781855673403 |
| 020 ## - INTERNATIONAL STANDARD BOOK NUMBER |
| International Standard Book Number |
9781855673403 |
| 040 ## - CATALOGING SOURCE |
| Transcribing agency |
0 |
| 082 04 - DEWEY DECIMAL CLASSIFICATION NUMBER |
| Classification number |
303.483 RIP1995 |
| 100 ## - MAIN ENTRY--PERSONAL NAME |
| Personal name |
Edit: Arie Rip, Thomas J. Misa and Johan Schot |
| 245 00 - TITLE STATEMENT |
| Title |
Managing Technology in Society : |
| Remainder of title |
the approach of constructive technology assessment. |
| Statement of responsibility, etc. |
Edit: Arie Rip, Thomas J. Misa and Johan Schot |
| 260 ## - PUBLICATION, DISTRIBUTION, ETC. |
| Place of publication, distribution, etc. |
[S.l.] : |
| Name of publisher, distributor, etc. |
Pinter Publishers, |
| Date of publication, distribution, etc. |
1995. |
| 300 ## - PHYSICAL DESCRIPTION |
| Extent |
361 p. ; |
| Dimensions |
24 cm. |
| Other physical details |
pb. |
| 440 ## - SERIES STATEMENT/ADDED ENTRY--TITLE |
| Title |
Managing Technology in Society : |
| 500 ## - GENERAL NOTE |
| General note |
Paperback. |
| 520 ## - SUMMARY, ETC. |
| Summary, etc. |
The chapters in this book are based on papers prepared for the international workshop on Constructive Technology Assessment, held at the University of Twente, Enschede, The Netherlands, 20-22 September 1991. Authors and editors have profited from the discussion and the contributions of participants in the workshop, which gathered eminent scholars in economics of technical change, history and sociology of science and technology, technology assessment, as well as a small number of interested policy-makers. The financial support of the Netherlands Organization for Technology Assessment (NOTA, now The Rathenau Institute), the Dutch ministry of Economic Affairs and the Illinois Institute of Technology's ERIF programme is acknowledged. |
| 700 1# - ADDED ENTRY--PERSONAL NAME |
| Personal name |
Rip, Arie. |
| 700 1# - ADDED ENTRY--PERSONAL NAME |
| Personal name |
Misa, Thomas J. |
| 700 1# - ADDED ENTRY--PERSONAL NAME |
| Personal name |
Schot, Johan. |
| 856 40 - ELECTRONIC LOCATION AND ACCESS |
| Materials specified |
Amazon.com |
| Uniform Resource Identifier |
<a href="http://www.amazon.com/exec/obidos/ASIN/1855673401/chopaconline-20">http://www.amazon.com/exec/obidos/ASIN/1855673401/chopaconline-20</a> |
| 856 40 - ELECTRONIC LOCATION AND ACCESS |
| Materials specified |
Amazon customer reviews |
| Uniform Resource Identifier |
<a href="http://www.chopac.org/cgi-bin/tools/azrev.pl?q=1855673401">http://www.chopac.org/cgi-bin/tools/azrev.pl?q=1855673401</a> |
| 942 ## - ADDED ENTRY ELEMENTS (KOHA) |
| Institution code [OBSOLETE] |
NBS |
| Koha item type |
Book |
| Call number prefix |
303.483 RIP 1995 |
| Source of classification or shelving scheme |
|